| 000 | 00631nam a2200241 a 4500 | ||
|---|---|---|---|
| 001 | nice12345678 | ||
| 003 | IN_TiNIC | ||
| 005 | 20260116011848.0 | ||
| 008 | 050524s1920 wesa grp 000 0 eng | ||
| 020 |
_a _c100 |
||
| 082 | 0 | 0 |
_a201 _bRAN |
| 100 | _aRandolph, B W | ||
| 245 |
_aArthur Douglas _b Missionary on Lake Nyasa the Story of His Life |
||
| 260 |
_aWestminster _bUniversities Mission to Centra Africa _c1920 |
||
| 300 | _a312p | ||
| 500 | _aincludes index and biblioraphy | ||
| 505 | 2 | _aindex | |
| 650 | _aChristian-Biography | ||
| 700 | 1 | _aRandolph, B W | |
| 902 | _bSRS | ||
| 942 | _cBK | ||
| 999 |
_c4533 _d4533 |
||